Metallurgical Thermochemistry / (Registro nro. 11063)

Detalles MARC
000 -LEADER
fixed length control field 01199cam a22004097a 4500
001 - CONTROL NUMBER
control field 11063
003 - CONTROL NUMBER IDENTIFIER
control field armpuni
005 - DATE AND TIME OF LATEST TRANSACTION
control field 20260414145007.0
008 - FIXED-LENGTH DATA ELEMENTS--GENERAL INFORMATION
fixed length control field 160923s1979####xx#a##########000#0#und#d
020 ## - INTERNATIONAL STANDARD BOOK NUMBER
International Standard Book Number 0080208975
040 ## - CATALOGING SOURCE
Original cataloging agency armpuni
Transcribing agency armpuni
041 ## - LANGUAGE CODE
Language code of text/sound track or separate title en
080 ## - UNIVERSAL DECIMAL CLASSIFICATION NUMBER
Universal Decimal Classification number 669.01 K 87
100 1# - MAIN ENTRY--PERSONAL NAME
Personal name Kubaschewski, O.
245 10 - TITLE STATEMENT
Title Metallurgical Thermochemistry /
Statement of responsibility, etc O. Kubaschewski ; C. B. Alcock
250 ## - EDITION STATEMENT
Edition statement 5ta. ed.
260 ## - PUBLICATION, DISTRIBUTION, ETC. (IMPRINT)
Place of publication, distribution, etc Oxford :
Name of publisher, distributor, etc Pergamon Press,
Date of publication, distribution, etc c1979
300 ## - PHYSICAL DESCRIPTION
Extent x, 449 p. :
Other physical details il, tab, graf. ;
Dimensions 25 cm.
500 ## - GENERAL NOTE
General note Traducido del inglés: Problems in metallurgical thermodynamics and kinetics, 1977
650 #7 - SUBJECT ADDED ENTRY--TOPICAL TERM
Topical term or geographic name as entry element CAPACIDAD CALORIFICA
650 #7 - SUBJECT ADDED ENTRY--TOPICAL TERM
Topical term or geographic name as entry element TRATAMIENTO DE PROBLEMAS
650 #7 - SUBJECT ADDED ENTRY--TOPICAL TERM
Topical term or geographic name as entry element TABLA DE DATOS TERMOQUIMICOS
650 #7 - SUBJECT ADDED ENTRY--TOPICAL TERM
Topical term or geographic name as entry element BALANCES DE ENERGIA
650 #7 - SUBJECT ADDED ENTRY--TOPICAL TERM
Topical term or geographic name as entry element CONSTANTE DE EQUILIBRIO
650 #7 - SUBJECT ADDED ENTRY--TOPICAL TERM
Topical term or geographic name as entry element ELECTROQUIMICA
650 #7 - SUBJECT ADDED ENTRY--TOPICAL TERM
Topical term or geographic name as entry element ENERGIA LIBRE
650 #7 - SUBJECT ADDED ENTRY--TOPICAL TERM
Topical term or geographic name as entry element EQUILIBRIO DE GASES
650 #7 - SUBJECT ADDED ENTRY--TOPICAL TERM
Topical term or geographic name as entry element CALORIMETRIA
650 #7 - SUBJECT ADDED ENTRY--TOPICAL TERM
Topical term or geographic name as entry element ENTALPIA
650 #7 - SUBJECT ADDED ENTRY--TOPICAL TERM
Topical term or geographic name as entry element ENTROPIA
650 #7 - SUBJECT ADDED ENTRY--TOPICAL TERM
Topical term or geographic name as entry element QUIMICA METALURGICA
650 #7 - SUBJECT ADDED ENTRY--TOPICAL TERM
Topical term or geographic name as entry element REACCIONES QUIMICA
General subdivision VELOCIDAD
650 #7 - SUBJECT ADDED ENTRY--TOPICAL TERM
Topical term or geographic name as entry element TERMODINAMICA
700 1# - ADDED ENTRY--PERSONAL NAME
Personal name Alcock, C. B.
942 ## - ADDED ENTRY ELEMENTS (KOHA)
Koha item type LIBRO
Source of classification or shelving scheme
945 ## - LOCAL PROCESSING INFORMATION (OCLC)
a CG
d 2026-03-30
Existencias
Withdrawn status Lost status Source of classification or shelving scheme Damaged status Not for loan Home library Current library Date acquired Source of acquisition Total Checkouts Full call number Barcode Date last seen Price effective from Koha item type
        Disponible para préstamo Biblioteca de la Facultad de Ingeniería UNMDP Biblioteca de la Facultad de Ingeniería UNMDP 26/03/2026 Donación   669.01 K 87 13859 30/03/2026 30/03/2026 LIBRO

XHTML | CSS | ©Biblioteca Central - Dto. Tecnología de la Información - [ Con tecnología Koha ]